| Tag |
First Indicator |
Second Indicator |
Subfields |
| LEADER |
00000cam a2200000 i 4500 |
| 001 |
in00004032321 |
| 005 |
20210312124702.0 |
| 006 |
m o d f |
| 007 |
cr ||||||||||| |
| 008 |
181001s2018 dcua ob f000 0 eng c |
| 035 |
|
|
|a (OCoLC)on1055162103
|
| 042 |
|
|
|a pcc
|
| 043 |
|
|
|a n-us---
|
| 040 |
|
|
|a GPO
|b eng
|e rda
|e pn
|c GPO
|d GPO
|d MERUC
|d OCLCF
|d GPO
|d NJK
|d OCLCO
|d IAS
|d OCLCQ
|d GPO
|d MvI
|
| 049 |
|
|
|a WWW
|
| 050 |
|
4 |
|a KF27
|b .B54674 2017f
|
| 074 |
|
|
|a 1013-E (online)
|
| 086 |
0 |
|
|a Y 4.F 49/20:115-49
|
| 086 |
0 |
|
|a Y 4.F 49/20:115-53
|
| 086 |
0 |
|
|a Y 4.F 49/20:115-55
|
| 086 |
0 |
|
|a Y 4.F 49/20:115-63
|
| 088 |
|
|
|a Serial no. 115-49 (United States. Congress. House. Committee on Financial Services)
|
| 088 |
|
|
|a Serial no. 115-53 (United States. Congress. House. Committee on Financial Services)
|
| 088 |
|
|
|a Serial no. 115-55 (United States. Congress. House. Committee on Financial Services)
|
| 088 |
|
|
|a Serial no. 115-63 (United States. Congress. House. Committee on Financial Services)
|
| 110 |
1 |
|
|a United States.
|b Congress.
|b House.
|b Committee on Financial Services.
|b Subcommittee on Housing and Insurance,
|e author.
|
| 240 |
1 |
0 |
|a Sustainable housing finance (2017 October 25)
|
| 245 |
1 |
0 |
|a Sustainable housing finance :
|b private sector perspectives on housing finance reform : hearing before the Subcommittee on Housing and Insurance of the Committee on Financial Services, U.S. House of Representatives, One Hundred Fifteenth Congress, first session.
|
| 246 |
3 |
0 |
|a Private sector perspectives on housing finance reform
|
| 264 |
|
1 |
|a Washington :
|b U.S. Government Publishing Office,
|c 2018.
|
| 300 |
|
|
|a 1 online resource (4 volumes) :
|b illustrations
|
| 336 |
|
|
|a text
|b txt
|2 rdacontent
|
| 337 |
|
|
|a computer
|b c
|2 rdamedia
|
| 338 |
|
|
|a online resource
|b cr
|2 rdacarrier
|
| 588 |
|
|
|a Description based on online resource; title from pt. 1 PDF title page (govinfo, viewed Oct. 1, 2018).
|
| 500 |
|
|
|a "October 25, 2017"--[Pt. 1].
|
| 500 |
|
|
|a "Serial no. 115-49"--[Pt. 1].
|
| 500 |
|
|
|a "November 2, 2017"--Pt. 2.
|
| 500 |
|
|
|a "Serial no. 115-53"--Pt. 2.
|
| 500 |
|
|
|a "November 7, 2017"--Pt. 3.
|
| 500 |
|
|
|a "Serial no. 115-55"--Pt. 3.
|
| 500 |
|
|
|a "December 6, 2017"--Pt. 4.
|
| 500 |
|
|
|a "Serial no. 115-63"--Pt. 4.
|
| 504 |
|
|
|a Includes bibliographical references.
|
| 650 |
|
0 |
|a Housing policy
|z United States.
|
| 650 |
|
0 |
|a Housing subsidies
|z United States.
|
| 650 |
|
0 |
|a Rent subsidies
|z United States.
|
| 650 |
|
0 |
|a Federal aid to housing
|z United States.
|
| 650 |
|
0 |
|a Public-private sector cooperation
|z United States.
|
| 655 |
|
7 |
|a Legislative hearings.
|2 lcgft
|
| 776 |
0 |
8 |
|i Print version:
|a United States. Congress. House. Committee on Financial Services. Subcommittee on Housing and Insurance.
|s Sustainable housing finance (2017 October 25)
|w (OCoLC)1054475835
|
| 776 |
0 |
8 |
|i Microfiche version:
|a United States. Congress. House. Committee on Financial Services. Subcommittee on Housing and Insurance.
|s Sustainable housing finance (2017 October 25)
|w (OCoLC)1082140071
|
| 856 |
4 |
0 |
|u https://purl.fdlp.gov/GPO/gpo109586
|t 0
|
| 999 |
f |
f |
|s a149340c-117f-3cf2-a115-f46e158cfc94
|i 4ecc9e81-028b-385a-8b76-f4235dab9ff2
|t 0
|
| 952 |
f |
f |
|a Texas A&M University
|b College Station
|c Electronic Resources
|d Available Online
|t 0
|e Y 4.F 49/20:115-55
|h Superintendent of Documents classification
|
| 998 |
f |
f |
|a Y 4.F 49/20:115-55
|t 0
|l Available Online
|